[Event "Russian Championship B21 2021"]
[Site "?"]
[Date "2021.04.22"]
[Round "2.1"]
[White "Murzin, Volodar"]
[Black "Stukan, Martin"]
[Result "1-0"]
[WhiteElo "2478"]
[BlackElo "2390"]
[PlyCount "130"]
[EventDate "2021.??.??"]

1. e4 c5 2. Nf3 d6 3. Bb5+ Nd7 4. c3 Ngf6 5. Qe2 a6 6. Ba4 b5 7. Bc2 Bb7 8. d4
e6 9. O-O Be7 10. Nbd2 Qc7 11. Bd3 Nh5 12. Qe3 O-O 13. Re1 Rfc8 14. Nf1 e5 15.
Ng3 Nxg3 16. hxg3 Bf6 17. d5 c4 18. Bc2 a5 19. g4 Ba6 20. g5 Bd8 21. Nh4 g6 22.
Bd2 Nc5 23. g3 Rcb8 24. a3 Qd7 25. Kg2 b4 26. cxb4 axb4 27. Bxb4 Nd3 28. Bxd3
cxd3 29. Nf3 Bb6 30. Qd2 Rc8 31. Bc3 Rf8 32. Nh4 f6 33. gxf6 Rxf6 34. f3 Raf8
35. Rh1 Qa7 36. Rae1 Bc4 37. Rhf1 R6f7 38. f4 exf4 39. Rxf4 Rxf4 40. gxf4 Qe7
41. Nf3 h6 42. f5 g5 43. Nh2 Kh7 44. Ng4 h5 45. a4 Bd8 46. Qe3 Qf7 47. Qd4 Ba6
48. b4 Re8 49. b5 Bc8 50. a5 d2 51. Bxd2 Bxf5 52. exf5 Rxe1 53. Bxe1 hxg4 54.
Bc3 Bf6 55. Qxf6 Qxd5+ 56. Kh2 g3+ 57. Kxg3 Qd3+ 58. Kf2 Qc2+ 59. Ke3 Qc1+ 60.
Kd4 Qd1+ 61. Kc4 Qa4+ 62. Kd5 Qxb5+ 63. Kxd6 Qb8+ 64. Kc5 Qc8+ 65. Kb4 Qf8+ 1-0

[Event "Russian Championship B21 2021"]
[Site "?"]
[Date "2021.04.22"]
[Round "2.2"]
[White "Tsvetkov, Andrey"]
[Black "Makarian, Rudik"]
[Result "1-0"]
[WhiteElo "2404"]
[BlackElo "2468"]
[PlyCount "59"]
[EventDate "2021.??.??"]

1. d4 Nf6 2. c4 e6 3. Nc3 Bb4 4. e3 O-O 5. Bd2 b6 6. Bd3 Bb7 7. Nf3 c5 8. a3
Bxc3 9. Bxc3 Ne4 10. Bxe4 Bxe4 11. dxc5 bxc5 12. Qd6 Nc6 13. Qxc5 d6 14. Qg5
Qxg5 15. Nxg5 Bd3 16. O-O-O Bxc4 17. Rxd6 Ne7 18. e4 Nc8 19. Rc6 Nb6 20. Ba5
Rfc8 21. Rxc8+ Rxc8 22. Bxb6 Bb3+ 23. Kd2 Rc2+ 24. Ke3 axb6 25. Rd1 g6 26. Rd2
Rc5 27. Nf3 Ba4 28. Rd6 b5 29. Rd3 b4 30. Rd4 1-0

[Event "Russian Championship B21 2021"]
[Site "?"]
[Date "2021.04.22"]
[Round "2.3"]
[White "Makoveev, Ilya"]
[Black "Pogosyan, Stefan"]
[Result "1-0"]
[WhiteElo "2315"]
[BlackElo "2444"]
[PlyCount "83"]
[EventDate "2021.??.??"]

1. e4 e5 2. Nf3 Nc6 3. Bb5 a6 4. Ba4 Nf6 5. O-O Be7 6. Re1 b5 7. Bb3 O-O 8. c3
d6 9. h3 Na5 10. Bc2 c5 11. d4 Nd7 12. Nbd2 exd4 13. cxd4 Re8 14. Nf1 Bf6 15.
e5 dxe5 16. dxe5 Be7 17. Be4 Rb8 18. e6 fxe6 19. Bf4 Rb6 20. Qc2 Nf6 21. Rad1
Bd6 22. Ng5 h6 23. Bh7+ Kf8 24. Ne4 e5 25. Be3 Nxe4 26. Bxe4 Qe7 27. Bg6 Rd8
28. b4 Nb7 29. bxc5 Rc6 30. Be4 Rxc5 31. Bxc5 Nxc5 32. Ne3 Nxe4 33. Qxe4 Bb7
34. Qg6 Qf6 35. Qxf6+ gxf6 36. Nf5 Be7 37. Rxd8+ Bxd8 38. Rd1 Bb6 39. Rd6 Bc5
40. Rxf6+ Kg8 41. Nxh6+ Kh8 42. Rf5 1-0

[Event "Russian Championship B21 2021"]
[Site "?"]
[Date "2021.04.22"]
[Round "2.4"]
[White "Dudin, Gleb"]
[Black "Marchenko, Nikolay"]
[Result "1/2-1/2"]
[WhiteElo "2418"]
[BlackElo "2062"]
[PlyCount "158"]
[EventDate "2021.??.??"]

1. Nf3 c5 2. g3 Nc6 3. Bg2 g6 4. d4 cxd4 5. Nxd4 Bg7 6. Nb3 Nf6 7. O-O O-O 8.
c4 d6 9. Nc3 Be6 10. c5 d5 11. Bg5 d4 12. Nb5 h6 13. Bc1 Ne8 14. Qd3 Bf5 15.
Qc4 e5 16. Rd1 Be6 17. Qa4 a6 18. Na3 Qe7 19. e3 Rd8 20. exd4 Nxd4 21. Nxd4
exd4 22. Bd2 d3 23. Qb4 Bd5 24. Re1 Qc7 25. Bh3 Qc6 26. Nc4 Bd4 27. Ne5 Qxc5
28. Qxc5 Bxc5 29. Nxd3 Bd4 30. Bxh6 Ng7 31. Bg5 f6 32. Be3 Be6 33. Bg2 Bxe3 34.
Rxe3 Bd5 35. Bxd5+ Rxd5 36. Nf4 Rd2 37. Nxg6 Rfd8 38. Rb3 b5 39. a4 Nf5 40. Nf4
Nd4 41. Rc3 b4 42. Rc7 Rxb2 43. Rb7 b3 44. Kg2 Nc2 45. Rc1 f5 46. Kg1 Rd4 47.
h4 Rb4 48. Rc7 Ra2 49. Nd3 b2 50. Nxb2 Rbxb2 51. Rd1 Ra1 52. Rxa1 Nxa1 53. Rc6
Rb4 54. Rxa6 Nb3 55. Rf6 Nd4 56. a5 Ra4 57. a6 Kg7 58. Rd6 Ne2+ 59. Kg2 Nc3 60.
f3 Ra2+ 61. Kf1 Ne2 62. g4 Ng3+ 63. Kg1 Ne2+ 64. Kf2 f4 65. Ke1 Ng1 66. Rd3 Nh3
67. Rd6 Ng1 68. Rd3 Nh3 69. Rd2 Ra1+ 70. Ke2 Rxa6 71. Kf1 Rh6 72. Rd7+ Kf8 73.
h5 Ng5 74. Rd4 Rf6 75. Kg2 Kg7 76. Ra4 Kh6 77. Rb4 Ne6 78. Rb6 Kg7 79. Ra6 Ng5
1/2-1/2

[Event "Russian Championship B21 2021"]
[Site "?"]
[Date "2021.04.22"]
[Round "2.5"]
[White "Shpakov, Vladimir"]
[Black "Obgolts, Erik"]
[Result "0-1"]
[WhiteElo "1871"]
[BlackElo "2414"]
[PlyCount "85"]
[EventDate "2021.??.??"]

1. d4 Nf6 2. Nf3 g6 3. c4 Bg7 4. Nc3 O-O 5. Bg5 c5 6. e3 cxd4 7. exd4 h6 8. Bh4
b6 9. Bd3 Bb7 10. O-O d6 11. Re1 Nbd7 12. d5 a6 13. Qe2 Re8 14. a4 e5 15. dxe6
Rxe6 16. Qd1 Rxe1+ 17. Nxe1 Qc7 18. Qd2 Re8 19. Rd1 Nc5 20. Bxf6 Bxf6 21. Bc2
Bg7 22. Nd5 Qc6 23. Nf3 Nd7 24. b3 Qc5 25. h3 b5 26. axb5 axb5 27. Qf4 Ne5 28.
Nxe5 Rxe5 29. Nf6+ Bxf6 30. Qxf6 Re6 31. Qf4 b4 32. Kf1 Qc6 33. f3 Qc5 34. Qd4
Qg5 35. Qb6 Qe5 36. Bd3 Qh2 37. Kf2 Bxf3 38. Qd8+ Kg7 39. Kxf3 Rf6+ 40. Qxf6+
Kxf6 41. Be4 Kg5 42. g3 Qxh3 43. Ra1 0-1

[Event "Russian Championship B21 2021"]
[Site "?"]
[Date "2021.04.22"]
[Round "2.6"]
[White "Lobanov, Sergei"]
[Black "Makovich, Andrey"]
[Result "1-0"]
[WhiteElo "2520"]
[BlackElo "2171"]
[PlyCount "97"]
[EventDate "2021.??.??"]

1. e4 c6 2. Nf3 d5 3. Nc3 Bg4 4. h3 Bxf3 5. Qxf3 e6 6. Be2 Nd7 7. d4 dxe4 8.
Nxe4 Ngf6 9. O-O Nxe4 10. Qxe4 Nf6 11. Qe3 Bd6 12. b3 a5 13. a3 O-O 14. Bb2 a4
15. b4 b5 16. c4 bxc4 17. Bxc4 Nd5 18. Qf3 Be7 19. Rac1 Qb6 20. Bd3 Rfd8 21.
Rc4 Rd6 22. Rfc1 Bf6 23. Be4 Rad8 24. g3 g6 25. Rc5 Kg7 26. Bxd5 exd5 27. Re1
h5 28. Qd1 h4 29. g4 Bg5 30. Qxa4 Rf6 31. Qc2 Rdd6 32. Bc1 Bxc1 33. Qxc1 Rde6
34. Re5 Rxe5 35. dxe5 Re6 36. Qc3 Qa6 37. b5 cxb5 38. Rxd5 Qc6 39. Qb3 Qc4 40.
Rxb5 Qxb3 41. Rxb3 Rxe5 42. Kf1 g5 43. a4 Kf6 44. Rb6+ Ke7 45. Rb5 Re4 46. Rxg5
Rxa4 47. Rh5 Kf6 48. Rxh4 Kg6 49. Rh5 1-0

[Event "Russian Championship B21 2021"]
[Site "?"]
[Date "2021.04.22"]
[Round "2.7"]
[White "Shubin, Kirill"]
[Black "Nesterov, Arseniy"]
[Result "1/2-1/2"]
[WhiteElo "2466"]
[BlackElo "2482"]
[PlyCount "198"]
[EventDate "2021.??.??"]

1. e4 c6 2. d4 d5 3. exd5 cxd5 4. Bd3 Nc6 5. c3 Qc7 6. Ne2 Bg4 7. O-O e6 8. Qe1
Nf6 9. f3 Bh5 10. Qh4 Bg6 11. Bxg6 fxg6 12. Nf4 Kf7 13. Nd3 e5 14. b4 exd4 15.
b5 Ne5 16. Nxe5+ Qxe5 17. cxd4 Qf5 18. Qf4 Rc8 19. Qxf5 gxf5 20. Nd2 Bd6 21.
Nb3 Rc2 22. Bd2 Rhc8 23. Rfc1 Ba3 24. Rxc2 Rxc2 25. Bc1 Bd6 26. a4 b6 27. a5
Ne8 28. axb6 axb6 29. Bg5 Nc7 30. Bd8 Nxb5 31. Bxb6 Bf4 32. Ra5 Nc3 33. Ra7+
Kg6 34. Ba5 Be3+ 35. Kf1 Nb5 36. Rd7 Rb2 37. Nc5 Rf2+ 38. Ke1 Rxg2 39. Ne6 Rg1+
40. Ke2 Nxd4+ 41. Kxe3 Nxe6 42. Rxd5 Ra1 43. Kf2 Ra2+ 44. Bd2 Kf6 45. Kg1 Ra3
46. Kf2 g5 47. h3 h6 48. Be3 f4 49. Bd4+ Kf7 50. Rd7+ Ke8 51. Rd6 Ra2+ 52. Kg1
Ke7 53. Rd5 Re2 54. Bf2 Kf6 55. Kf1 Ra2 56. h4 Ra6 57. Kg2 Kg6 58. hxg5 hxg5
59. Re5 Ng7 60. Rb5 Ra2 61. Rb6+ Kh5 62. Rb5 Ne6 63. Rd5 Rc2 64. Kg1 Nf8 65.
Rc5 Ra2 66. Rc7 Kh6 67. Rc5 Ng6 68. Rd5 Kh5 69. Rc5 Nh4 70. Rc3 Ra5 71. Kh2 Ng6
72. Kg2 g4 73. fxg4+ Kxg4 74. Rc6 f3+ 75. Kh2 Nf4 76. Rc4 Ra2 77. Kg1 Kf5 78.
Rc5+ Ke6 79. Rc6+ Kd5 80. Rc5+ Kd6 81. Rf5 Nh3+ 82. Kh2 Nxf2 83. Rxf3 Ke5 84.
Rf8 Ne4+ 85. Kg1 Ng5 86. Kf1 Ke4 87. Re8+ Kf3 88. Rf8+ Ke3 89. Re8+ Ne4 90. Kg1
Ra7 91. Rg8 Rf7 92. Kg2 Rf6 93. Rg7 Rf8 94. Rg6 Rf2+ 95. Kg1 Kf3 96. Rg8 Nf6
97. Rg5 Ne4 98. Rf5+ Ke3 99. Rxf2 Nxf2 1/2-1/2

[Event "Russian Championship B21 2021"]
[Site "?"]
[Date "2021.04.22"]
[Round "2.9"]
[White "Pavlov, Danila"]
[Black "Sidorov, Dmitry I"]
[Result "1-0"]
[WhiteElo "2360"]
[BlackElo "2139"]
[PlyCount "69"]
[EventDate "2021.??.??"]

1. e4 e6 2. d4 d5 3. Nc3 Nc6 4. e5 f6 5. Nf3 fxe5 6. dxe5 Nge7 7. Bf4 g6 8. Qd2
Bg7 9. O-O-O Bd7 10. h4 O-O 11. Be2 Qe8 12. g3 a6 13. h5 gxh5 14. Ng5 Nxe5 15.
Bxh5 N5g6 16. Qe2 e5 17. Nxh7 exf4 18. Nxf8 Qxf8 19. Bxg6 Nxg6 20. Qh5 Qf7 21.
Rxd5 Nf8 22. Qxf7+ Kxf7 23. Rh4 Bc6 24. Rxf4+ Ke7 25. Rh5 Ne6 26. Rc4 Bf3 27.
Rf5 b5 28. Rh4 Bb7 29. Nd5+ Kd6 30. Ne3 Bd4 31. Nd1 Re8 32. c3 Bg7 33. Ne3 Nc5
34. Rg4 Nd3+ 35. Kd2 1-0

[Event "Russian Championship B21 2021"]
[Site "?"]
[Date "2021.04.23"]
[Round "3.3"]
[White "Marchenko, Nikolay"]
[Black "Lobanov, Sergei"]
[Result "0-1"]
[WhiteElo "2062"]
[BlackElo "2520"]
[PlyCount "100"]
[EventDate "2021.??.??"]

1. d4 Nf6 2. Bf4 d5 3. e3 c5 4. Nc3 cxd4 5. exd4 Bg4 6. Nf3 Nc6 7. Be2 e6 8.
Ne5 Bxe2 9. Nxe2 Nxe5 10. dxe5 Nd7 11. O-O Bc5 12. c3 O-O 13. Nd4 Qb6 14. Rb1
Rac8 15. Nc2 Qa6 16. a3 Bb6 17. Qg4 Qd3 18. Nb4 Qg6 19. Qxg6 hxg6 20. Rfe1 Rc4
21. Be3 Bxe3 22. Rxe3 a5 23. Nc2 b5 24. Kf1 Rfc8 25. f3 Kf8 26. g3 g5 27. Ke2
Ke7 28. Kd2 Rh8 29. Re2 Rb8 30. Re3 Rcc8 31. Re2 Nc5 32. Rf1 Nb3+ 33. Kd3 Rh8
34. Rg2 f6 35. Re1 Kd7 36. Rf2 Rh3 37. exf6 gxf6 38. Nd4 Nc5+ 39. Ke3 e5 40.
Nc2 f5 41. Rd1 Ke6 42. Rg2 Rbh8 43. Rdd2 Rxh2 44. Rxh2 f4+ 45. gxf4 gxf4+ 46.
Kf2 Rxh2+ 47. Ke1 Nd3+ 48. Rxd3 Rxc2 49. Rd2 Rxd2 50. Kxd2 a4 0-1

[Event "Russian Championship G21 2021"]
[Site "?"]
[Date "2021.04.23"]
[Round "3.4"]
[White "Koroleva, Evgeniya"]
[Black "Nasyrova, Ekaterina"]
[Result "0-1"]
[WhiteElo "1884"]
[BlackElo "2273"]
[PlyCount "186"]
[EventDate "2021.??.??"]

1. d4 d5 2. c4 e6 3. Nc3 Nf6 4. cxd5 exd5 5. Bg5 c6 6. e3 Be7 7. Bd3 O-O 8. Qc2
h6 9. Bh4 Re8 10. Nge2 Nbd7 11. f3 c5 12. dxc5 Qa5 13. Bb5 a6 14. Bxf6 Bxf6 15.
Bxd7 Bxd7 16. Qd2 Bc6 17. Rc1 Bh4+ 18. Kf1 Qxc5 19. Nd4 Rac8 20. Nce2 Qf8 21.
g3 Bf6 22. Kf2 Qe7 23. Rc2 h5 24. Rhc1 Qd7 25. Kg2 h4 26. Nf4 Qd6 27. Nfe2 Bd7
28. Rxc8 Bxc8 29. Kf2 Qe5 30. Nf4 g5 31. Nd3 Qd6 32. Re1 Kg7 33. Qc2 Qd7 34. g4
Qd8 35. Qd2 Qb6 36. Qb4 Qc7 37. Kg2 h3+ 38. Kh1 Bd7 39. Rc1 Qb8 40. Nc5 Bc6 41.
Qc3 Bxd4 42. Qxd4+ Qe5 43. Nb3 f6 44. Rc3 Re7 45. Qd2 Bd7 46. Nd4 f5 47. gxf5
Bxf5 48. Nxf5+ Qxf5 49. Qd1 Kh6 50. Kg1 Rf7 51. Kf2 Qe5 52. Kg1 Qf5 53. Kf2 Qg4
54. Qxd5 Qg2+ 55. Ke1 Qh1+ 56. Ke2 Qxh2+ 57. Kd3 Rf6 58. Qg8 Qd6+ 59. Kc2 Rxf3
60. Qh8+ Kg6 61. Rc8 Rf2+ 62. Kb3 Qe6+ 63. Ka3 Qxe3+ 64. Rc3 Qe7+ 65. b4 h2 66.
Qg8+ Kf5 67. Qc8+ Kf4 68. Rc4+ Ke5 69. Rc5+ Kf6 70. Qh8+ Kg6 71. Qg8+ Kh5 72.
Qh8+ Kg4 73. Rc4+ Rf4 74. Rxf4+ gxf4 75. Qxh2 Qe3+ 76. Ka4 f3 77. Qh7 f2 78.
Qg8+ Kf3 79. Qd5+ Ke2 80. Qc4+ Ke1 81. Qh4 b6 82. a3 Ke2 83. Qc4+ Ke1 84. Qh4
Kd2 85. Qh1 Qe8+ 86. Kb3 Qe2 87. Qh8 Qe3+ 88. Ka4 f1=Q 89. Qb2+ Ke1 90. Qb1+
Kf2 91. Qf5+ Qf3 92. Qc2+ Q1e2 93. Qc4 Qd1+ 0-1

[Event "Russian Championship G21 2021"]
[Site "?"]
[Date "2021.04.23"]
[Round "3.6"]
[White "Kochukova, Anna"]
[Black "Filippova, Darya"]
[Result "1/2-1/2"]
[WhiteElo "2108"]
[BlackElo "1915"]
[PlyCount "128"]
[EventDate "2021.??.??"]

1. e4 c6 2. d4 d5 3. Nc3 dxe4 4. Nxe4 Nf6 5. Nxf6+ exf6 6. c3 Bd6 7. Bd3 Na6 8.
Qc2 Nc7 9. Ne2 Nd5 10. a3 h5 11. c4 Ne7 12. Bd2 Rb8 13. O-O Kf8 14. Rfe1 h4 15.
Nc3 Bc7 16. d5 Qd6 17. f4 Bb6+ 18. Be3 cxd5 19. cxd5 Bd7 20. Bxb6 Qxb6+ 21. Qf2
Qxf2+ 22. Kxf2 Rd8 23. Rac1 h3 24. g3 Bg4 25. Be4 f5 26. Bb1 Rh6 27. Re3 Rhd6
28. Ba2 a6 29. Rce1 Ng8 30. Re5 Nf6 31. Re7 Ne4+ 32. Nxe4 Kxe7 33. Nxd6+ Kxd6
34. Re3 Rc8 35. Rc3 Re8 36. Rc2 Re4 37. Rd2 Re7 38. Bb3 f6 39. Bc2 g5 40. Bd3
Rc7 41. Ke3 Rc1 42. Kd4 Rg1 43. Rc2 Rg2 44. b4 gxf4 45. gxf4 Bd1 46. Rc1 Bb3
47. Bxf5 Rxh2 48. Rc8 Rh1 49. Rd8+ Kc7 50. Rd7+ Kb6 51. Be4 Rd1+ 52. Kc3 f5 53.
Bxf5 h2 54. Be4 Re1 55. Kxb3 Re3+ 56. Kb2 Rxe4 57. Rh7 Rxf4 58. Rxh2 Rf3 59.
Rc2 a5 60. Rc3 Rf5 61. Rd3 axb4 62. axb4 Kc7 63. Kc3 b5 64. Kd4 Kd6 1/2-1/2

[Event "Russian Championship G21 2021"]
[Site "?"]
[Date "2021.04.23"]
[Round "3.8"]
[White "Badmaeva, Baina"]
[Black "Grigorieva, Yulia"]
[Result "1/2-1/2"]
[WhiteElo "1751"]
[BlackElo "2236"]
[PlyCount "133"]
[EventDate "2021.??.??"]

1. e4 c5 2. c3 d5 3. exd5 Qxd5 4. d4 e6 5. Nf3 Nf6 6. Bd3 Be7 7. O-O O-O 8. Re1
Nc6 9. h3 Rd8 10. Be3 b6 11. Nbd2 Bb7 12. Bc2 cxd4 13. cxd4 Rac8 14. Bb3 Qh5
15. Nc4 Bb4 16. Rf1 Ba6 17. Rc1 Na5 18. Nfe5 Qxd1 19. Rfxd1 Nxc4 20. Bxc4 Bxc4
21. Rxc4 Rxc4 22. Nxc4 Nd5 23. Ne5 f6 24. Nc6 Rc8 25. Nxb4 Nxb4 26. a3 Nc6 27.
d5 exd5 28. Rxd5 Ne5 29. Bd4 Rc1+ 30. Kh2 Rc2 31. Rd8+ Kf7 32. Ra8 Nc6 33. Bc3
Rxf2 34. Rc8 Ne5 35. Rc7+ Kg6 36. Rxa7 Nc4 37. Kg3 Rc2 38. Bd4 Rd2 39. Bc3 Rc2
40. Bd4 Nxb2 41. Bxb6 Rc3+ 42. Kf4 Nd3+ 43. Ke3 Rb3 44. Bd4 Ne5+ 45. Ke4 Nc6
46. Ra6 Nxd4 47. Kxd4 Rg3 48. a4 Rxg2 49. Kc5 Rh2 50. a5 Rxh3 51. Rc6 Ra3 52.
a6 h5 53. Kb6 h4 54. a7 Kh6 55. Kb7 Rxa7+ 56. Kxa7 g5 57. Rxf6+ Kh5 58. Kb6 h3
59. Kc5 Kg4 60. Kd4 Kg3 61. Ke3 g4 62. Ke2 h2 63. Rh6 Kg2 64. Ke3 g3 65. Kf4
h1=Q 66. Rxh1 Kxh1 67. Kxg3 1/2-1/2

[Event "Russian Championship B21 2021"]
[Site "?"]
[Date "2021.04.25"]
[Round "5.1"]
[White "Tsvetkov, Andrey"]
[Black "Lobanov, Sergei"]
[Result "1/2-1/2"]
[WhiteElo "2404"]
[BlackElo "2520"]
[PlyCount "118"]
[EventDate "2021.??.??"]

1. d4 Nf6 2. c4 e6 3. Nc3 Bb4 4. e3 O-O 5. Bd2 d5 6. Nf3 b6 7. cxd5 exd5 8. Rc1
c5 9. a3 Bxc3 10. Bxc3 c4 11. Be2 Ne4 12. O-O Nxc3 13. bxc3 Bf5 14. Ne5 Nd7 15.
Bg4 Bxg4 16. Qxg4 Nxe5 17. dxe5 Qe7 18. Qd4 Rad8 19. e4 dxe4 20. Qxe4 Rfe8 21.
Qxc4 Qxe5 22. h3 g6 23. Rfd1 Rc8 24. Qa4 Re7 25. Rd3 Rc5 26. Re3 Qc7 27. Rxe7
Qxe7 28. Qb4 Qe5 29. g3 h5 30. h4 Kg7 31. a4 Kg8 32. Qb3 Qe2 33. c4 Rf5 34. Rc2
Qe1+ 35. Kg2 Qe4+ 36. Kh2 g5 37. hxg5 h4 38. Rd2 hxg3+ 39. Qxg3 Rf4 40. Rd8+
Kh7 41. Qd3 Rxf2+ 42. Kg3 Rg2+ 43. Kh3 Qxd3+ 44. Rxd3 Rxg5 45. Rd7 Ra5 46. c5
bxc5 47. Rxf7+ Kg6 48. Rf4 Ra6 49. Rc4 Rc6 50. Kg4 Kf6 51. Kf4 Ke6 52. Ke4 Kd6
53. Kd3 Kd5 54. Rh4 Rg6 55. Rh5+ Kc6 56. Rh4 Kb6 57. Kc4 Rg5 58. Rh6+ Ka5 59.
Rd6 a6 1/2-1/2

[Event "Russian Championship B21 2021"]
[Site "?"]
[Date "2021.04.25"]
[Round "5.2"]
[White "Murzin, Volodar"]
[Black "Obgolts, Erik"]
[Result "1-0"]
[WhiteElo "2478"]
[BlackElo "2414"]
[PlyCount "55"]
[EventDate "2021.??.??"]

1. e4 c6 2. Nf3 d5 3. d3 g6 4. e5 Bg7 5. d4 Bg4 6. Nbd2 Nh6 7. h3 Bc8 8. Bd3
O-O 9. O-O f6 10. Re1 e6 11. exf6 Qxf6 12. Nf1 Nf7 13. c4 Nd7 14. Ne3 e5 15.
cxd5 exd4 16. Ng4 Qd6 17. dxc6 Qxc6 18. Bf4 Nc5 19. Bc4 Bxg4 20. hxg4 b5 21.
Bxf7+ Rxf7 22. Be5 Rd8 23. Rc1 Qb6 24. Ng5 d3 25. Nxf7 d2 26. Nxd8 dxe1=Q+ 27.
Qxe1 Nd3 28. Qd2 1-0

[Event "Russian Championship B21 2021"]
[Site "?"]
[Date "2021.04.25"]
[Round "5.3"]
[White "Dudin, Gleb"]
[Black "Pavlov, Danila"]
[Result "1-0"]
[WhiteElo "2418"]
[BlackElo "2360"]
[PlyCount "169"]
[EventDate "2021.??.??"]

1. d4 Nf6 2. Nf3 g6 3. c4 Bg7 4. Nc3 O-O 5. g3 d6 6. Bg2 Nc6 7. O-O e5 8. dxe5
dxe5 9. Bg5 Be6 10. Qa4 Qc8 11. Nd2 Nd7 12. Bxc6 Nb6 13. Qb5 a6 14. Qc5 bxc6
15. Qxc6 h6 16. Be3 Rd8 17. Rfd1 Rd6 18. Qc5 f5 19. f3 Qb7 20. b3 Rad8 21. Qa5
R6d7 22. Nf1 e4 23. Rxd7 Nxd7 24. f4 Nf8 25. Rc1 Bf7 26. Na4 Rd6 27. Nc5 Qc6
28. Rc2 g5 29. Qa4 Qa8 30. Rd2 gxf4 31. gxf4 Rxd2 32. Nxd2 Qd8 33. Qb4 Bh5 34.
Nf1 Bxe2 35. Qd2 Bd3 36. Ng3 Qf6 37. Nxd3 exd3 38. Qxd3 Qa1+ 39. Kg2 Qxa2+ 40.
Kh3 Qb2 41. Nxf5 c6 42. Ne7+ Kh8 43. Nxc6 Qf6 44. Qe4 Qc3 45. Nd4 Qe1 46. Nf5
Bf6 47. Ng3 Qd1 48. Qe8 Bg7 49. f5 Kg8 50. Bc5 Qxb3 51. Bxf8 Bxf8 52. Qe6+ Kh8
53. Qxa6 Qc3 54. Qe6 Bg7 55. Kg4 Kh7 56. Qg6+ Kh8 57. Qe8+ Kh7 58. Qe4 Qf6 59.
h4 Kh8 60. Nh5 Qd6 61. Nf4 Qd1+ 62. Qe2 Qd4 63. Qe8+ Kh7 64. Qg6+ Kh8 65. Qe6
Kh7 66. Qd5 h5+ 67. Kf3 Qf6 68. Qe4 Qc3+ 69. Qd3 Qf6 70. Qe4 Qc3+ 71. Qd3 Qf6
72. Kg3 Bf8 73. Nxh5 Bd6+ 74. Kg4 Qe5 75. f6+ Kh6 76. Qd2+ Kh7 77. Qd3+ Kh6 78.
Qd2+ Kh7 79. Qd5 Qe2+ 80. Kg5 Qe3+ 81. Kg4 Qe2+ 82. Kf5 Qxh5+ 83. Ke6 Qxh4 84.
Qb7+ Kh6 85. Qg7+ 1-0

[Event "Russian Championship B21 2021"]
[Site "?"]
[Date "2021.04.25"]
[Round "5.4"]
[White "Makarian, Rudik"]
[Black "Golikov, Daniil"]
[Result "0-1"]
[WhiteElo "2468"]
[BlackElo "2250"]
[PlyCount "87"]
[EventDate "2021.??.??"]

1. d4 Nf6 2. c4 e6 3. g3 Bb4+ 4. Bd2 Qe7 5. Bg2 Nc6 6. e3 Bxd2+ 7. Nxd2 d5 8.
Ngf3 O-O 9. O-O b6 10. Rc1 Bb7 11. Qa4 Qe8 12. Qa3 a5 13. Rfe1 Rc8 14. cxd5
exd5 15. Bh3 Rb8 16. Qc3 Qe7 17. Ne5 Nxe5 18. dxe5 Ne8 19. e4 c5 20. exd5 Bxd5
21. Nc4 Nc7 22. Nd6 Ne6 23. Rcd1 Nd4 24. Bg2 Bxa2 25. f4 Be6 26. Rd2 Qd7 27.
Be4 g6 28. Rf1 Bh3 29. Rff2 Qa4 30. Qd3 Qb3 31. Qb1 Qe6 32. Qd3 Qb3 33. Qb1 Qe6
34. Qd3 Rbd8 35. Rd1 f6 36. Bxg6 fxe5 37. Bxh7+ Kh8 38. fxe5 Rxf2 39. Kxf2 Rf8+
40. Kg1 Qxe5 41. Nc4 Qh5 42. Be4 Ne2+ 43. Kh1 Nxg3+ 44. hxg3 0-1

[Event "Russian Championship B21 2021"]
[Site "?"]
[Date "2021.04.25"]
[Round "5.6"]
[White "Pogosyan, Stefan"]
[Black "Vetokhin, Savva"]
[Result "0-1"]
[WhiteElo "2444"]
[BlackElo "2261"]
[PlyCount "120"]
[EventDate "2021.??.??"]

1. Nf3 Nf6 2. c4 e6 3. Nc3 d5 4. d4 Bb4 5. Qa4+ Nc6 6. a3 Bxc3+ 7. bxc3 O-O 8.
Bg5 h6 9. Bh4 g5 10. Bg3 Ne4 11. Qc2 h5 12. h4 Nxg3 13. fxg3 g4 14. Ng5 f5 15.
e3 Qd6 16. Kf2 Ne7 17. cxd5 exd5 18. c4 c6 19. Bd3 Bd7 20. Rhc1 Kg7 21. Rab1
dxc4 22. Qxc4 b6 23. Qb4 Qxb4 24. axb4 Rfc8 25. e4 fxe4 26. Bxe4 Bf5 27. Bxf5
Nxf5 28. Ne6+ Kh6 29. Rb2 a5 30. bxa5 bxa5 31. Rbc2 a4 32. d5 c5 33. Nxc5 a3
34. Ra2 Nd6 35. Nd3 Ne4+ 36. Ke1 Rxc1+ 37. Nxc1 Nc3 38. Rd2 a2 39. Nxa2 Nxa2
40. d6 Nc3 41. d7 Rd8 42. Rd4 Nb5 43. Rd5 Nc7 44. Rd6+ Kg7 45. Ke2 Kf7 46. Ke3
Ne6 47. Rd5 Ng7 48. Ke4 Ke6 49. Re5+ Kxd7 50. Kf4 Re8 51. Ra5 Ke7 52. Kg5 Kf7
53. Kh6 Rh8+ 54. Kg5 Ne6+ 55. Kf5 Rh6 56. Ra7+ Kg8 57. Ra2 Ng7+ 58. Kg5 Kh7 59.
Rf2 Rg6+ 60. Kf4 Kh6 0-1

[Event "Russian Championship B21 2021"]
[Site "?"]
[Date "2021.04.25"]
[Round "5.7"]
[White "Makoveev, Ilya"]
[Black "Zhafyarov, Adel"]
[Result "1-0"]
[WhiteElo "2315"]
[BlackElo "2252"]
[PlyCount "93"]
[EventDate "2021.??.??"]

1. e4 e5 2. Nf3 Nf6 3. Nxe5 d6 4. Nf3 Nxe4 5. d4 Be7 6. Bd3 Nf6 7. O-O O-O 8.
h3 Re8 9. c4 Nbd7 10. Nc3 Nf8 11. b4 c6 12. a4 d5 13. c5 Ne6 14. Be3 Nd7 15.
Qd2 Bf6 16. Ne2 Ndf8 17. Rfe1 Bd7 18. b5 b6 19. Rac1 Rc8 20. bxc6 Bxc6 21. Bb5
Qd7 22. Qd3 Rb8 23. Bxc6 Qxc6 24. cxb6 Qxb6 25. Nc3 Qa5 26. Qf5 Red8 27. Ne4
Nd7 28. Bg5 Bxd4 29. Bxd8 Rxd8 30. Neg5 Bf6 31. Nxe6 fxe6 32. Qxe6+ Kf8 33.
Qd6+ Kg8 34. Qe6+ Kf8 35. Rcd1 d4 36. Nxd4 Nc5 37. Qe3 Qxa4 38. Nc2 Rc8 39. Qe2
Ne4 40. Nd4 Nc3 41. Qg4 Rc4 42. Ne6+ Kg8 43. Rd8+ Kf7 44. Qh5+ Ke7 45. Nc5+
Kxd8 46. Nxa4 Rxa4 47. Qf7 1-0

[Event "Russian Championship B21 2021"]
[Site "?"]
[Date "2021.04.25"]
[Round "5.8"]
[White "Marchenko, Nikolay"]
[Black "Akhtariev, Andrey"]
[Result "0-1"]
[WhiteElo "2062"]
[BlackElo "2190"]
[PlyCount "72"]
[EventDate "2021.??.??"]

1. d4 Nf6 2. c4 e6 3. Nc3 Bb4 4. e3 b6 5. Nge2 Bb7 6. a3 Be7 7. Nf4 O-O 8. Bd3
d5 9. cxd5 exd5 10. Qf3 Re8 11. g4 c5 12. Kf1 Bf8 13. g5 Ne4 14. h4 Na6 15. Kg2
Nc7 16. Qd1 Ne6 17. Nxe6 Rxe6 18. f3 Nd6 19. b3 Rc8 20. Ne2 g6 21. Nf4 Re8 22.
Qd2 Bg7 23. Bb2 c4 24. bxc4 dxc4 25. Bf1 Nf5 26. Re1 Rc7 27. Bc3 Nxh4+ 28. Rxh4
Qxg5+ 29. Kh3 Bc8+ 30. Rg4 h5 31. Be2 hxg4+ 32. fxg4 Bf6 33. Bf3 Qh4+ 34. Kg2
Bxg4 35. Bd5 Qg5 36. Kf2 Qf5 0-1

[Event "Russian Championship B21 2021"]
[Site "?"]
[Date "2021.04.25"]
[Round "5.9"]
[White "Nesterov, Arseniy"]
[Black "Shpakov, Vladimir"]
[Result "1-0"]
[WhiteElo "2482"]
[BlackElo "1871"]
[PlyCount "55"]
[EventDate "2021.??.??"]

1. d4 d5 2. c4 c6 3. Nf3 Nf6 4. g3 e6 5. Bg2 Bb4+ 6. Bd2 Bxd2+ 7. Nbxd2 O-O 8.
O-O Nbd7 9. Qc2 b6 10. e4 Ba6 11. e5 Ne8 12. Rfc1 Rc8 13. cxd5 cxd5 14. Qa4 Nb8
15. Bf1 Bxf1 16. Nxf1 a6 17. Ne3 f6 18. Ng2 fxe5 19. Nxe5 Nd6 20. Nf4 Qe7 21.
Qb4 b5 22. Rxc8 Rxc8 23. Re1 Nf5 24. Qxe7 Nxe7 25. Nxe6 Nbc6 26. Nxc6 Nxc6 27.
Rc1 Kf7 28. Rxc6 1-0

[Event "Russian Championship B21 2021"]
[Site "?"]
[Date "2021.04.25"]
[Round "5.10"]
[White "Sidorov, Dmitry I"]
[Black "Makovich, Andrey"]
[Result "0-1"]
[WhiteElo "2139"]
[BlackElo "2171"]
[PlyCount "58"]
[EventDate "2021.??.??"]

1. c4 c6 2. d4 d5 3. cxd5 cxd5 4. Bg5 Nc6 5. Nc3 Nf6 6. Bxf6 exf6 7. e3 Be6 8.
Qb3 Rb8 9. Nge2 Bd6 10. g3 b5 11. Bg2 Na5 12. Qc2 b4 13. Nxd5 b3 14. Qe4 f5 15.
Qf3 Nc4 16. axb3 Rxb3 17. Nef4 Rxb2 18. Qd1 O-O 19. O-O Bxd5 20. Bxd5 Nxe3 21.
fxe3 Bxf4 22. Qf3 Bxe3+ 23. Kh1 Bxd4 24. Qxf5 Rd2 25. Bxf7+ Kh8 26. Ra5 g6 27.
Qd5 Qe7 28. Ra2 Qe3 29. Qd6 Qe4+ 0-1

[Event "Russian Championship B21 2021"]
[Site "?"]
[Date "2021.04.25"]
[Round "5.11"]
[White "Marchuk, Rostislav"]
[Black "Babanin, Gleb"]
[Result "1-0"]
[WhiteElo "2080"]
[BlackElo "2123"]
[PlyCount "85"]
[EventDate "2021.??.??"]

1. d4 d5 2. Nf3 Nf6 3. Bf4 c5 4. e3 Nc6 5. Nbd2 cxd4 6. exd4 Bf5 7. Bb5 Qb6 8.
c4 e6 9. Qa4 a6 10. Ne5 Rc8 11. Bxc6+ bxc6 12. c5 Qb5 13. Qxb5 axb5 14. a4 bxa4
15. Rxa4 Nh5 16. Be3 f6 17. Nef3 g5 18. h3 Nf4 19. g4 Bc2 20. Ra2 Ng2+ 21. Ke2
Nxe3 22. fxe3 h5 23. Rha1 hxg4 24. hxg4 Bg7 25. b4 Bg6 26. Ra8 O-O 27. Rxc8
Rxc8 28. Ra6 Be8 29. Nb3 Kf7 30. Na5 Rc7 31. Rb6 Bd7 32. Kf2 Kg6 33. Kg3 Kf7
34. b5 cxb5 35. c6 Be8 36. Rb7 Re7 37. c7 Bd7 38. Rb8 Re8 39. Nb7 Bf8 40. Nd8+
Kg8 41. Kf2 Be7 42. Nc6 Kf7 43. Nfe5+ 1-0